[Event "Druzynowe Mistrzostwa Polski - II liga"]
[Site "Dom Wczasowy VIS Jastrzebia Gora"]
[Date "1899-12-30"]
[Round "6.123"]
[White "Boruta, Dawid"]
[Black "Zielinski, Olgierd"]
[Result "1-0"]
[WhiteTitle "I"]
[BlackTitle "I+"]
[WhiteElo "1912"]
[BlackElo "1800"]

1. f4 d5 2. Nf3 g6 3. g3 Bg7 4. Bg2 b6 5. O-O Nf6 6. d3 Bb7 7. Ne5 Nfd7 8. d4 Nf6
9. Nd2 O-O 10. e3 Nbd7 11. a4 a5 12. b3 Rc8 13. Ba3 c5 14. c4 Ba6 15. Rc1 Re8
16. Re1 cxd4 17. exd4 Bb7 18. Qe2 e6 19. g4 Nb8 20. g5 Nh5 21. Qe3 f6 22. Nef3
dxc4 23. bxc4 Qc7 24. gxf6 Bxf6 25. Ne5 Bxg2 26. Kxg2 Rcd8 27. Ne4 Bg7 28. c5
bxc5 29. Rxc5 Qb7 30. Rb5 Qa8 31. Kg1 Nc6 32. Bc5 Nxe5 33. fxe5 Bf8 34. Rf1 Bxc5
35. Rxc5 Rf8 36. Nf6+ Nxf6 37. exf6 Rde8 38. Rc7 Rf7 39. Qe5 Qd5 40. Rxf7 Kxf7
41. Qc7+ Kg8 1-0

[Event "Druzynowe Mistrzostwa Polski - II liga"]
[Site "Dom Wczasowy VIS Jastrzebia Gora"]
[Date "1899-12-30"]
[Round "6.124"]
[White "Lewandowski, Marek"]
[Black "Ociepka, Tomasz"]
[Result "1/2-1/2"]
[WhiteTitle "I+"]
[BlackTitle "I+"]
[WhiteElo "1758"]
[BlackElo "1830"]

1. e4 Nf6 2. Nc3 d5 3. exd5 Nxd5 4. d4 g6 5. Bc4 c6 6. Nf3 Bg7 7. Nxd5 cxd5 8.
Bd3 Nc6 9. c3 O-O 10. O-O Qd6 11. h3 Bd7 12. Be3 Rac8 13. Qd2 Na5 14. Bf4 Qb6
15. b3 Bb5 16. Rac1 Bxd3 17. Qxd3 Nc6 18. Rc2 a6 19. Be3 Qa7 20. Ne5 Nxe5 21.
dxe5 Qb8 22. Qxd5 Bxe5 23. c4 Rfd8 24. Qf3 Rd3 25. Rd1 Rcd8 26. Rcd2 Rxd2 27.
Rxd2 Rxd2 28. Bxd2 Qd8 1/2-1/2

[Event "Druzynowe Mistrzostwa Polski - II liga"]
[Site "Dom Wczasowy VIS Jastrzebia Gora"]
[Date "1899-12-30"]
[Round "6.125"]
[White "Gonsior, Monika"]
[Black "Sivickis, Wiktoria"]
[Result "1-0"]
[WhiteTitle "m"]
[BlackTitle "I++"]
[WhiteElo "1941"]
[BlackElo "1723"]

1. e4 c5 2. Nf3 d6 3. d4 cxd4 4. Nxd4 Nf6 5. Bd3 Nc6 6. Nxc6 bxc6 7. c4 g6 8. O-O
Bg7 9. Nc3 Nd7 10. Qc2 O-O 11. Kh1 Nc5 12. Be2 e5 13. Be3 Ne6 14. Qd2 Re8 15.
Rad1 Nd4 16. Bd3 Qa5 17. f4 exf4 18. Bxf4 Be5 19. Qf2 Be6 20. Be3 c5 21. Qh4 Qb4
22. Nd5 Bxd5 23. exd5 Qb7 24. b4 Qxb4 25. Rxf7 Bg7 26. Bd2 Qa3 27. Rxg7+ Kxg7
28. Bh6+ 1-0

[Event "Druzynowe Mistrzostwa Polski - II liga"]
[Site "Dom Wczasowy VIS Jastrzebia Gora"]
[Date "1899-12-30"]
[Round "6.126"]
[White "Cichy, Kamil"]
[Black "Madej, Jaroslaw"]
[Result "1-0"]
[WhiteTitle "k+"]
[BlackTitle "I+"]
[WhiteElo "2195"]
[BlackElo "2029"]

1. e4 e6 2. d4 d5 3. Nc3 Bb4 4. Bd3 dxe4 5. Bxe4 Nf6 6. Bf3 Nc6 7. Nge2 e5 8. Bxc6+
bxc6 9. O-O Bd6 10. dxe5 Bxe5 11. Qxd8+ Kxd8 12. Rd1+ Ke7 13. Nd4 Bxd4 14. Rxd4
Bf5 15. Bf4 Rhd8 16. Rc4 Nd5 17. Re1+ Be6 18. Bg5+ f6 19. Rxc6 Nxc3 20. Rcxe6+
Kf8 21. Bxf6 gxf6 22. bxc3 Rd6 23. Re7 Rc6 24. Rxh7 Kg8 25. Ree7 Rc8 26. h4 1-0

[Event "Druzynowe Mistrzostwa Polski - II liga"]
[Site "Dom Wczasowy VIS Jastrzebia Gora"]
[Date "1899-12-30"]
[Round "6.127"]
[White "Brylski, Pawel"]
[Black "Miszczak, Dariusz"]
[Result "1-0"]
[WhiteTitle "I+"]
[BlackTitle "I+"]
[WhiteElo "1971"]
[BlackElo "1998"]

1. e4 c5 2. Nf3 d6 3. d4 cxd4 4. Nxd4 e5 5. Nf3 Be6 6. c4 h6 7. Nc3 Nf6 8. Be2
Be7 9. O-O O-O 10. b3 a6 11. Qc2 Nbd7 12. Rd1 Rc8 13. a4 Ne8 14. Ba3 f5 15. exf5
Bxf5 16. Qd2 Ndf6 17. Nd5 e4 18. Nd4 Nxd5 19. Nxf5 Rxf5 20. cxd5 Bg5 21. Qb4 Nf6
22. Qxb7 Rc2 23. Qxa6 Kh8 24. Qb5 Qa8 25. Bxd6 Nxd5 26. Bg4 Ne3 27. Bxf5 Nxf5
28. Qxf5 e3 29. Qxc2 1-0

[Event "Druzynowe Mistrzostwa Polski - II liga"]
[Site "Dom Wczasowy VIS Jastrzebia Gora"]
[Date "1899-12-30"]
[Round "6.128"]
[White "Spyra, Piotr"]
[Black "Deren, Marcin"]
[Result "1-0"]
[WhiteTitle "I"]
[BlackTitle "I"]
[WhiteElo "1901"]
[BlackElo "1922"]

1. e4 c5 2. c3 d5 3. exd5 Qxd5 4. d4 Nf6 5. Nf3 e6 6. Na3 a6 7. Nc4 Nbd7 8. Be3
Ng4 9. h3 Nxe3 10. Nxe3 Qc6 11. Bc4 Nb6 12. Bb3 Qc7 13. O-O Be7 14. Re1 O-O 15.
Bc2 Rd8 16. Qd3 g6 17. Qe4 Bd7 18. Ne5 Bc6 19. Qf4 Bd6 20. N3g4 f5 21. dxc5 Bxe5
22. Qxe5 Qxe5 23. Nxe5 Nd7 24. Nxc6 bxc6 25. Rxe6 Nxc5 26. Rxc6 Rdc8 27. Rxc8+
Rxc8 28. Rd1 Nb7 29. Bb3+ Kh8 30. Kf1 Nc5 31. Bc2 a5 32. Rd4 Ne6 33. Ra4 Rc5 34.
Bb3 Ng5 35. f3 h5 36. Ke2 1-0

[Event "Druzynowe Mistrzostwa Polski - II liga"]
[Site "Dom Wczasowy VIS Jastrzebia Gora"]
[Date "1899-12-30"]
[Round "6.129"]
[White "Mika, Tomasz"]
[Black "Malik, Maciej"]
[Result "1-0"]
[WhiteTitle "I"]
[BlackTitle "I++"]
[WhiteElo "1991"]
[BlackElo "1961"]

1. e4 c5 2. Nf3 Nc6 3. d4 cxd4 4. Nxd4 e6 5. Be2 Qc7 6. Nc3 a6 7. O-O Nf6 8. Re1
Bb4 9. Bf1 Nxd4 10. Qxd4 Bc5 11. Qd1 d6 12. Bg5 Qb6 13. Qf3 Bd4 14. e5 Bxc3 15.
bxc3 Nd7 16. exd6 Qxd6 17. Rad1 Qc6 18. Qg3 h6 19. Rd6 Qc5 20. Bc1 g5 21. Red1
b5 22. c4 Rf8 23. cxb5 axb5 24. Be3 Qb4 25. Qf3 Ra3 26. Qc6 Rc3 27. Qxb5 Qxb5
28. Bxb5 Rc7 29. Bb6 Rb7 30. Bc6 Rb8 31. Ba7 Rb2 32. Bxd7+ Bxd7 33. Rxd7 Rxc2
34. Rd8+ Ke7 35. Rxf8 Kxf8 36. Ra1 1-0

[Event "Druzynowe Mistrzostwa Polski - II liga"]
[Site "Dom Wczasowy VIS Jastrzebia Gora"]
[Date "1899-12-30"]
[Round "6.130"]
[White "Kotula, Pawel"]
[Black "Sabor, Krzysztof"]
[Result "1/2-1/2"]
[WhiteTitle "I"]
[BlackTitle "I"]
[WhiteElo "1740"]
[BlackElo "1764"]

1. d4 d5 2. e3 c6 3. Bd3 Nf6 4. Nd2 Nbd7 5. f4 e6 6. Ngf3 Be7 7. O-O b6 8. Ne5
Bb7 9. Qf3 c5 10. c3 Qc7 11. a4 c4 12. Bc2 O-O 13. g4 g6 14. Rf2 a6 15. h4 b5
16. h5 Kg7 17. Rh2 b4 18. hxg6 hxg6 19. g5 Ne4 20. Ng4 bxc3 21. Bxe4 cxd2 22.
Bc2 dxc1=Q+ 23. Rxc1 Rh8 24. Nh6 f6 25. Bxg6 Nf8 26. Bf7 Bd6 27. Qh5 Rxh6 28.
gxh6+ Kh8 29. Rg2 Bxf4 30. h7 Bxe3+ 31. Kh1 Nxh7 32. Qg6 Bg5 33. Rh2 Qxh2+ 34.
Kxh2 Bxc1 35. Bxe6 Bf4+ 36. Kh1 Rf8 37. Qh5 Bc8 38. Bxc8 Rxc8 39. Qxd5 Rb8 40.
Qxc4 Rxb2 41. Qxa6 Kg7 42. Qa7+ Kg6 43. Kg1 Ng5 44. Kf1 Kf5 45. Qd7+ Ke4 46. Qc6+
Kd3 47. Qxf6 Ke3 48. Qe7+ 1/2-1/2

[Event "Druzynowe Mistrzostwa Polski - II liga"]
[Site "Dom Wczasowy VIS Jastrzebia Gora"]
[Date "1899-12-30"]
[Round "6.131"]
[White "Barczyk-telejko, Joanna"]
[Black "Buchta, Agnieszka"]
[Result "1/2-1/2"]
[WhiteTitle "I+"]
[BlackTitle "k"]
[WhiteElo "1829"]
[BlackElo "1893"]

1. b3 e5 2. Bb2 Nc6 3. e3 g6 4. Nf3 Bg7 5. d4 e4 6. Nfd2 f5 7. g3 d6 8. Nc3 Nf6
9. a3 Be6 10. h3 Bf7 11. Bc4 Bxc4 12. Nxc4 Qe7 13. Qe2 d5 14. Nd2 Nd8 15. O-O-O
c6 16. Kb1 Ne6 17. Ka2 b5 18. Ncb1 a5 19. Rc1 a4 20. b4 Kd7 21. Nc3 Rab8 22. Qe1
g5 23. Qf1 Kc7 24. Rg1 Kb6 25. Qg2 Ne8 26. Rh1 Nd6 27. Ne2 Rbf8 28. Rcg1 Qe8 29.
Qh2 Qd7 30. Qg2 Bf6 31. Rf1 Bd8 32. f4 exf3 33. Rxf3 Rhg8 34. Rhf1 Bc7 35. g4
1/2-1/2

[Event "Druzynowe Mistrzostwa Polski - II liga"]
[Site "Dom Wczasowy VIS Jastrzebia Gora"]
[Date "1899-12-30"]
[Round "7.2"]
[White "Czarnota, Pawel"]
[Black "Karwowski, Kacper"]
[Result "1-0"]
[WhiteTitle "GM"]
[BlackTitle "CM"]
[WhiteElo "2505"]
[BlackElo "2216"]

1. e4 c5 2. Nf3 d6 3. d4 cxd4 4. Nxd4 Nf6 5. Nc3 a6 6. h4 e5 7. Nb3 Be7 8. Bg5
Be6 9. Bxf6 Bxf6 10. g3 Be7 11. Qd2 O-O 12. O-O-O Nd7 13. Kb1 b5 14. Nd5 Bxd5
15. exd5 Qb6 16. Bh3 Nf6 17. Rhe1 Rfe8 18. g4 a5 19. g5 Nh5 20. Bd7 Reb8 21. Nd4
Ra7 22. Bg4 Qxd4 23. Qxd4 exd4 24. Bxh5 h6 25. f4 hxg5 26. hxg5 g6 27. Bf3 Bf8
28. Rxd4 Bg7 29. Rde4 Kf8 30. Be2 Rab7 31. a3 b4 32. a4 Re7 33. Rxe7 Kxe7 34.
Bb5+ Kf8 35. Re4 Rc8 36. Bc6 f6 37. gxf6 Bxf6 38. Re6 Be7 39. Rxg6 Kf7 40. Rh6
Rg8 41. Bd7 Rg1+ 42. Ka2 Bf6 43. Be6+ Kg7 44. Rh2 Rg3 45. Re2 Kg6 46. Re4 b3+
47. cxb3 Rg2 48. b4 Rxb2+ 49. Ka3 axb4+ 50. Rxb4 Rd2 51. Rb3 Bd4 52. Kb4 Bc5+
53. Kb5 Rf2 54. f5+ Kf6 1-0

[Event "Druzynowe Mistrzostwa Polski - II liga"]
[Site "Dom Wczasowy VIS Jastrzebia Gora"]
[Date "1899-12-30"]
[Round "7.3"]
[White "Rudnicki, Milosz"]
[Black "Turski, Bartlomiej"]
[Result "0-1"]
[WhiteTitle "k"]
[BlackTitle "FM"]
[WhiteElo "2200"]
[BlackElo "2380"]

1. d4 Nf6 2. Bf4 g6 3. e3 Bg7 4. Nf3 O-O 5. h3 d6 6. Bc4 c5 7. c3 Qb6 8. Qb3 Nc6
9. Nbd2 Na5 10. Qxb6 axb6 11. Bb5 Bd7 12. Bd3 cxd4 13. exd4 Nd5 14. Bh2 b5 15.
O-O Rfc8 16. a3 Nc4 17. Rab1 Bh6 18. Nb3 Ndb6 19. Rfe1 Be6 20. Na1 Na4 21. Bxc4
bxc4 22. g4 Bd5 23. Kg2 Kf8 24. Kg3 f5 25. g5 Bxf3 26. Kxf3 Bxg5 27. Nc2 Nb6 28.
Nb4 Ra5 29. Bf4 Bf6 30. Re6 Kf7 31. Rbe1 Nd5 32. R6e2 Nxf4 33. Kxf4 e5+ 34. Kg3
exd4 35. cxd4 Rc7 36. d5 c3 37. Rc2 Rcc5 38. Nc6 cxb2 39. Nxa5 Rxc2 40. Nxb7 Be5+
41. f4 Rc1 0-1

[Event "Druzynowe Mistrzostwa Polski - II liga"]
[Site "Dom Wczasowy VIS Jastrzebia Gora"]
[Date "1899-12-30"]
[Round "7.4"]
[White "Raczek, Krzysztof"]
[Black "Wacior, Maciej"]
[Result "1/2-1/2"]
[WhiteTitle "k"]
[BlackTitle "k"]
[WhiteElo "2113"]
[BlackElo "2151"]

1. e4 c6 2. d4 d5 3. exd5 cxd5 4. Nf3 Nc6 5. Bb5 Nf6 6. Ne5 Bd7 7. Nxd7 Qxd7 8.
c3 e6 9. O-O Bd6 10. Re1 Qc7 11. h3 O-O 12. Nd2 a6 13. Bd3 b5 14. a3 Na5 15. Nf3
Bf4 16. Ne5 Bxc1 17. Rxc1 Nc4 18. Qe2 Rfb8 19. Rc2 Nxe5 20. dxe5 Nd7 21. f4 Nc5
22. f5 Nxd3 23. Qxd3 Qc4 24. Qf3 a5 25. Rf2 Rf8 26. f6 g6 27. Qg3 h6 28. Rf4 Qc5+
29. Kh1 Rfc8 30. Rh4 Qf8 31. a4 Rab8 32. axb5 Rxb5 33. Qe3 Kh7 34. Ra1 Rc4 35.
Rxc4 dxc4 36. Rd1 Qc5 37. Qxc5 Rxc5 38. Rd7 Kg8 39. Rd8+ Kh7 40. Rd7 Rxe5 41.
Rxf7+ Kg8 42. Rg7+ Kf8 43. Rxg6 h5 44. Rh6 Kf7 45. Rg6 Kf8 46. Rh6 Kf7 1/2-1/2

[Event "Druzynowe Mistrzostwa Polski - II liga"]
[Site "Dom Wczasowy VIS Jastrzebia Gora"]
[Date "1899-12-30"]
[Round "7.5"]
[White "Gosciniak, Maria"]
[Black "Ratajczak, Hubert"]
[Result "1-0"]
[WhiteTitle "WFM"]
[BlackTitle "I"]
[WhiteElo "2094"]
[BlackElo "2056"]

1. e4 c5 2. c4 d6 3. Ne2 Nf6 4. Nbc3 g6 5. d4 cxd4 6. Nxd4 Bg7 7. Be2 O-O 8. O-O
Nc6 9. Be3 Bd7 10. h3 Nxd4 11. Bxd4 Bc6 12. Qc2 Nd7 13. Bxg7 Kxg7 14. Rad1 a5
15. Bg4 Nc5 16. e5 h5 17. Be2 Qd7 18. exd6 exd6 19. Nd5 Bxd5 20. Rxd5 Qe6 21.
Qc3+ f6 22. Bf3 Rfe8 23. Rfd1 Ra6 24. Qd4 Re7 25. Rxd6 Rxd6 26. Qxd6 Rd7 27. Qxc5
Rxd1+ 28. Bxd1 Qe1+ 29. Kh2 Qxd1 30. Qe7+ Kh6 31. Qxf6 Qd7 32. Qh8+ Kg5 33. h4+
Kf5 34. Qf8+ Ke6 35. Qg8+ Kf6 36. Qh8+ Ke6 37. Qc3 Qd8 38. g3 b6 39. a3 Kf7 40.
b4 axb4 41. axb4 Qd1 42. Qe3 Qc2 43. Qxb6 Qxc4 44. b5 Qe2 45. Qc5 Qb2 46. b6 g5
47. hxg5 h4 48. Qf5+ Ke8 49. Qe6+ Kd8 50. Qf6+ 1-0

[Event "Druzynowe Mistrzostwa Polski - II liga"]
[Site "Dom Wczasowy VIS Jastrzebia Gora"]
[Date "1899-12-30"]
[Round "7.6"]
[White "Majdan, Joanna"]
[Black "Adamowicz, Katarzyna"]
[Result "1/2-1/2"]
[WhiteTitle "WGM"]
[BlackTitle "WFM"]
[WhiteElo "2307"]
[BlackElo "2088"]

1. e4 e5 2. Nf3 Nc6 3. Bb5 a6 4. Ba4 Nf6 5. O-O Nxe4 6. d4 b5 7. Bb3 d5 8. dxe5
Be6 9. Be3 Bc5 10. Bxc5 Nxc5 11. Nd4 Nxd4 12. Qxd4 Nb7 13. c3 c5 14. Qe3 Qc7 15.
Qg3 O-O 16. f4 f5 17. exf6 Rxf6 18. f5 Qxg3 19. hxg3 Raf8 20. g4 g6 21. Re1 gxf5
22. gxf5 Rxf5 23. Rxe6 Rf1+ 24. Kh2 c4 25. Re7 cxb3 26. Rxb7 bxa2 27. Rxa2 R8f6
28. Rb8+ Kg7 29. Rb7+ Kg8 30. Rb8+ Kg7 31. Rb7+ Kg8 1/2-1/2

[Event "Druzynowe Mistrzostwa Polski - II liga"]
[Site "Dom Wczasowy VIS Jastrzebia Gora"]
[Date "1899-12-30"]
[Round "7.18"]
[White "Kucza, Karol"]
[Black "Janeczko, Jakub"]
[Result "1-0"]
[WhiteTitle "FM"]
[BlackTitle "I++"]
[WhiteElo "2329"]
[BlackElo "2159"]

1. e4 c5 2. Nf3 d6 3. d4 cxd4 4. Nxd4 Nf6 5. Nc3 a6 6. Bg5 e6 7. f4 Be7 8. Qf3
Qc7 9. O-O-O Nbd7 10. Bd3 b5 11. Rhe1 Bb7 12. Qg3 b4 13. Nd5 exd5 14. exd5 Kd8
15. Nc6+ Bxc6 16. dxc6 Qxc6 17. Bxf6 Nxf6 18. Qxg7 Re8 19. Qxf7 Ra7 20. Rxe7 Raxe7
21. Qxf6 Qc5 22. Qg5 Kc7 23. Qxc5+ dxc5 24. Bxa6 Ra8 25. Bc4 Rd8 26. Rf1 Rd4 27.
b3 Kd8 28. f5 Re5 29. Bd3 h5 30. Rf2 Ke7 31. f6+ Kf7 32. Kb2 Rd6 33. Bc4+ Kf8
34. a4 Rd1 35. Re2 Rxe2 36. Bxe2 Rd6 37. a5 Rd7 38. a6 Ra7 39. Bc4 Ke8 40. Kc1
Kd7 41. f7 Ke7 42. Kd2 Rd7+ 43. Ke3 Rd1 44. Ke4 Rc1 45. Kd5 Kxf7 46. Kxc5+ Ke7
47. a7 1-0

[Event "Druzynowe Mistrzostwa Polski - II liga"]
[Site "Dom Wczasowy VIS Jastrzebia Gora"]
[Date "1899-12-30"]
[Round "7.19"]
[White "Dalkowski, Rafal"]
[Black "Maciejczak, Jakub"]
[Result "1-0"]
[WhiteTitle "k"]
[BlackTitle "FM"]
[WhiteElo "2033"]
[BlackElo "2374"]

1. Nf3 d5 2. c4 c6 3. e3 Nf6 4. Nc3 Nbd7 5. cxd5 cxd5 6. d4 e6 7. Bd3 Be7 8. O-O
O-O 9. Bd2 b6 10. Qe2 a6 11. a4 Bb7 12. Rfc1 Ne4 13. Be1 f5 14. Na2 g5 15. Rc2
g4 16. Nd2 Bd6 17. Nxe4 dxe4 18. Bc4 Rf6 19. Bb4 Bxh2+ 20. Kf1 a5 21. Ba3 Rh6
1-0

[Event "Druzynowe Mistrzostwa Polski - II liga"]
[Site "Dom Wczasowy VIS Jastrzebia Gora"]
[Date "1899-12-30"]
[Round "7.20"]
[White "Malovanyi, Yulian"]
[Black "Zdybel, Przemyslaw"]
[Result "1-0"]
[WhiteTitle "FM"]
[BlackTitle "I++"]
[WhiteElo "2310"]
[BlackElo "2002"]

1. e4 c5 2. Nc3 a6 3. g3 b5 4. Bg2 Bb7 5. Nge2 e6 6. O-O b4 7. Na4 Nf6 8. d3 d6
9. c3 a5 10. a3 bxc3 11. bxc3 Nbd7 12. Rb1 Bc6 13. c4 Be7 14. f4 Rb8 15. Rxb8
Qxb8 16. Nac3 Qa8 17. f5 e5 18. Nd5 Bxd5 19. exd5 O-O 20. Nc3 e4 21. Bxe4 Nxe4
22. Nxe4 Nf6 1-0

[Event "Druzynowe Mistrzostwa Polski - II liga"]
[Site "Dom Wczasowy VIS Jastrzebia Gora"]
[Date "1899-12-30"]
[Round "7.21"]
[White "Pancewicz, Szymon"]
[Black "Janaszak, Dawid"]
[Result "0-1"]
[WhiteTitle "I+"]
[BlackTitle "FM"]
[WhiteElo "1850"]
[BlackElo "2331"]

1. e4 d6 2. d4 g6 3. c4 Bg7 4. Nc3 Nf6 5. f3 O-O 6. Be3 a6 7. Bd3 Nbd7 8. Nge2
c5 9. d5 Ne5 10. f4 Nfg4 11. Bc1 Nxd3+ 12. Qxd3 b5 13. h3 Nf6 14. O-O e6 15. Rd1
exd5 16. Nxd5 Nxd5 17. cxd5 Re8 18. Ng3 h5 19. Qf3 h4 20. Nf1 Qe7 21. Re1 Bb7
22. Bd2 Bxb2 23. Rab1 Bd4+ 24. Kh1 b4 25. Nh2 0-1

[Event "Druzynowe Mistrzostwa Polski - II liga"]
[Site "Dom Wczasowy VIS Jastrzebia Gora"]
[Date "1899-12-30"]
[Round "7.22"]
[White "Szyszylo, Rafal"]
[Black "Suska, Szymon"]
[Result "1/2-1/2"]
[WhiteTitle "k"]
[BlackTitle "I"]
[WhiteElo "2090"]
[BlackElo "1777"]

1. e4 c5 2. Nf3 Nc6 3. Bb5 g6 4. O-O Bg7 5. c3 a6 6. Bxc6 dxc6 7. d3 e5 8. Be3
b6 9. Qc2 Ne7 10. Nbd2 O-O 11. Nc4 Qc7 12. b4 b5 13. Ncd2 cxb4 14. cxb4 Rd8 15.
Nb3 Bg4 16. Ne1 Nc8 17. Rc1 Bf8 18. a3 Nd6 19. h3 Bd7 20. Nf3 Nb7 21. Nc5 Bxc5
22. Bxc5 Rac8 23. Qb2 Nxc5 24. Rxc5 f6 25. d4 exd4 1/2-1/2

[Event "Druzynowe Mistrzostwa Polski - II liga"]
[Site "Dom Wczasowy VIS Jastrzebia Gora"]
[Date "1899-12-30"]
[Round "7.23"]
[White "Rejniak, Zuzanna"]
[Black "Czerwinska, Milena"]
[Result "1-0"]
[WhiteTitle "k"]
[BlackTitle "WFM"]
[WhiteElo "1834"]
[BlackElo "1972"]

1. e4 d6 2. d4 Nf6 3. Nc3 e5 4. dxe5 dxe5 5. Qxd8+ Kxd8 6. Bg5 Be6 7. O-O-O Kc8
8. Nf3 Nbd7 9. Bb5 Bb4 10. Bxf6 Nxf6 11. Nxe5 Bxc3 12. bxc3 Nxe4 13. Rd4 Nd6 14.
Be2 Nf5 15. Rd2 Rd8 16. Rhd1 Rxd2 17. Rxd2 Nd6 1-0

[Event "Druzynowe Mistrzostwa Polski - II liga"]
[Site "Dom Wczasowy VIS Jastrzebia Gora"]
[Date "1899-12-30"]
[Round "7.25"]
[White "Kumala, Aleksander"]
[Black "Karpus, Michal"]
[Result "1-0"]
[WhiteTitle "CM"]
[BlackTitle "FM"]
[WhiteElo "2175"]
[BlackElo "2207"]

1. e4 e5 2. Nf3 Nc6 3. Bb5 a6 4. Ba4 Nf6 5. Bxc6 dxc6 6. d3 Bc5 7. O-O Qe7 8. Nbd2
O-O 9. Nc4 Nd7 10. b3 Re8 11. Bb2 f6 12. Nh4 Nf8 13. Nf5 Qf7 14. Kh1 Ne6 15. a4
b5 16. Nce3 Bb7 17. Qg4 Kh8 18. g3 Rad8 19. Rae1 Bc8 20. f4 exf4 21. gxf4 Nd4
22. Bxd4 Bxd4 23. Qh4 c5 24. axb5 axb5 25. Rf3 1-0

[Event "Druzynowe Mistrzostwa Polski - II liga"]
[Site "Dom Wczasowy VIS Jastrzebia Gora"]
[Date "1899-12-30"]
[Round "7.26"]
[White "Pacuszka, Tomasz"]
[Black "Cajbel, Maciej"]
[Result "1-0"]
[WhiteTitle "FM"]
[BlackTitle "k"]
[WhiteElo "2195"]
[BlackElo "2196"]

1. e4 c5 2. Nf3 Nc6 3. Bb5 g6 4. O-O Bg7 5. Re1 Nf6 6. c3 O-O 7. h3 d6 8. a4 e5
9. Na3 Bd7 10. d3 a6 11. Bc4 Na5 12. b4 Nxc4 13. dxc4 Bc6 14. Qc2 b6 15. a5 bxa5
16. b5 Bb7 17. Rb1 Qd7 18. Nd2 Nh5 19. Nf1 f5 20. f3 fxe4 21. fxe4 1-0

[Event "Druzynowe Mistrzostwa Polski - II liga"]
[Site "Dom Wczasowy VIS Jastrzebia Gora"]
[Date "1899-12-30"]
[Round "7.27"]
[White "Kasperek, Ryszard"]
[Black "Krainski, Aleksander"]
[Result "1/2-1/2"]
[WhiteTitle "m"]
[BlackTitle "FM"]
[WhiteElo "2083"]
[BlackElo "2062"]

1. e4 e6 2. d4 d5 3. Nc3 a6 4. Nf3 Nf6 5. Bd3 c5 6. exd5 exd5 7. dxc5 Bxc5 8. O-O
O-O 9. Bg5 Be6 10. Ne5 h6 11. Bh4 Nc6 12. Nxc6 bxc6 13. Na4 Be7 14. c3 Re8 15.
Re1 a5 16. a3 Qc7 17. Bg3 Bd6 18. Nc5 1/2-1/2

[Event "Druzynowe Mistrzostwa Polski - II liga"]
[Site "Dom Wczasowy VIS Jastrzebia Gora"]
[Date "1899-12-30"]
[Round "7.28"]
[White "Krainski, Slawomir"]
[Black "Puczylowski, Marcin"]
[Result "1/2-1/2"]
[WhiteTitle "k"]
[BlackTitle "k"]
[WhiteElo "1982"]
[BlackElo "2106"]

1. e4 c5 2. c3 Nf6 3. e5 Nd5 4. Bc4 Nb6 5. Bb3 c4 6. Bc2 Nc6 7. Nf3 Qc7 8. Qe2
g5 9. h3 Bg7 10. e6 dxe6 11. Nxg5 Qe5 12. d4 cxd3 13. Bxd3 Qxe2+ 14. Bxe2 O-O
15. O-O e5 16. Na3 f5 17. Nc4 Nd5 18. Ne3 Nb6 19. Nc4 Nd5 20. Ne3 Nb6 1/2-1/2

[Event "Druzynowe Mistrzostwa Polski - II liga"]
[Site "Dom Wczasowy VIS Jastrzebia Gora"]
[Date "1899-12-30"]
[Round "7.30"]
[White "Gnojek, Petr"]
[Black "Mondrzycki, Bartlomiej"]
[Result "0-1"]
[WhiteTitle "FM"]
[BlackTitle "CM"]
[WhiteElo "2335"]
[BlackElo "2220"]

1. d4 Nf6 2. c4 e6 3. Nc3 Bb4 4. Qc2 O-O 5. a3 Bxc3+ 6. Qxc3 b6 7. Nf3 Bb7 8. e3
d5 9. cxd5 Bxd5 10. Be2 Nbd7 11. O-O c5 12. b4 Ne4 13. Qb2 cxb4 14. axb4 Qc7 15.
Bd2 Bc4 16. Rfc1 b5 17. Ra5 a6 18. Qa2 Nb6 19. Ne5 Qxe5 20. dxe5 Bxa2 21. Rxa2
Nxd2 22. Rxd2 Nd5 23. Rd4 Rfc8 24. Ra1 g6 25. g3 Nc3 26. Bf3 Ra7 27. Ra5 Na4 28.
Be2 Nc3 29. Bd3 Kf8 30. Kf1 Ke7 31. Ke1 Rd8 32. Kd2 Rxd4 33. exd4 Nd5 34. Bxb5
Rb7 35. Bxa6 Rxb4 36. Kd3 Rb3+ 37. Ke2 Rb2+ 38. Kf3 Rb3+ 39. Kg4 Rb4 40. Kg5 Rxd4
41. Bb5 Rd2 42. Ra7+ Kf8 43. Kh6 f6 44. Rxh7 Rxf2 45. Rh8+ Kf7 46. h4 fxe5 47.
Be8+ Ke7 48. Bxg6 Rg2 49. Kg7 Rxg3 50. h5 e4 51. Re8+ Kd7 52. Ra8 e3 53. Ra1 Nf4
54. Kf6 e2 55. Bf7 Nd5+ 0-1

[Event "Druzynowe Mistrzostwa Polski - II liga"]
[Site "Dom Wczasowy VIS Jastrzebia Gora"]
[Date "1899-12-30"]
[Round "7.31"]
[White "Bronowicki, Mateusz"]
[Black "Paseka, Matyas"]
[Result "1-0"]
[WhiteTitle "FM"]
[BlackTitle ""]
[WhiteElo "2189"]
[BlackElo "2244"]

1. d4 Nf6 2. Bg5 c5 3. d5 Ne4 4. h4 d6 5. Nd2 Nxg5 6. hxg5 e6 7. dxe6 Bxe6 8. Ngf3
d5 9. e4 Nc6 10. exd5 Bxd5 11. Bd3 Qe7+ 12. Qe2 O-O-O 13. O-O-O Qxe2 14. Bxe2
g6 15. Bc4 Bxc4 16. Nxc4 Be7 17. c3 Rxd1+ 18. Kxd1 f6 19. gxf6 Bxf6 20. Nd6+ Kb8
21. Nf7 Rf8 22. Rxh7 b5 23. Kc2 Re8 24. Kd2 b4 25. Kd3 bxc3 26. bxc3 Rf8 27. Kc4
Na5+ 28. Kxc5 Nb7+ 29. Kd5 Bxc3 30. N3e5 Bxe5 31. Nxe5 Rd8+ 32. Rd7 Rf8 33. Rf7
Rd8+ 34. Rd7 Rf8 35. f3 Rf6 36. Rg7 Ra6 37. Rxg6 Rxa2 38. Rg8+ Kc7 39. Rg7+ Kc8
40. Rg8+ Kc7 41. Nc4 Ra6 42. Rg7+ Kc8 43. f4 Rf6 44. Ke5 Rf8 45. f5 Nd8 46. g4
Nf7+ 47. Rxf7 1-0

[Event "Druzynowe Mistrzostwa Polski - II liga"]
[Site "Dom Wczasowy VIS Jastrzebia Gora"]
[Date "1899-12-30"]
[Round "7.32"]
[White "Denderski, Piotr"]
[Black "Dzikowski, Michal"]
[Result "1/2-1/2"]
[WhiteTitle "k"]
[BlackTitle "k"]
[WhiteElo "2246"]
[BlackElo "2084"]

1. d4 Nf6 2. c4 e6 3. Nc3 Bb4 4. e3 O-O 5. Bd3 d5 6. a3 Be7 7. Nf3 dxc4 8. Bxc4
c5 9. dxc5 Qxd1+ 10. Kxd1 Bxc5 11. b4 Be7 12. Bb2 Rd8+ 13. Ke2 Nc6 14. Rhd1 Bd7
15. Rac1 a6 16. h3 Be8 17. g4 Rxd1 18. Rxd1 Rd8 19. Rxd8 Bxd8 20. g5 Nd7 21. Ne4
Be7 22. h4 b5 23. Bb3 a5 24. Nc3 axb4 25. axb4 Nxb4 26. Nxb5 1/2-1/2

[Event "Druzynowe Mistrzostwa Polski - II liga"]
[Site "Dom Wczasowy VIS Jastrzebia Gora"]
[Date "1899-12-30"]
[Round "7.33"]
[White "Piotrowski, Przemyslaw"]
[Black "Kaliszuk, Kamil"]
[Result "1/2-1/2"]
[WhiteTitle "FM"]
[BlackTitle "k"]
[WhiteElo "2219"]
[BlackElo "2067"]

1. Nf3 d5 2. g3 Nf6 3. Bg2 Bf5 4. O-O e6 5. d3 h6 6. Nfd2 Be7 7. e4 Bh7 8. Nc3
c5 9. exd5 exd5 10. Qf3 Nc6 11. Nxd5 Nxd5 12. Qxd5 Qc7 13. Nc4 Nb4 14. Qxb7 Qxb7
15. Bxb7 Rb8 16. Bg2 Nxc2 17. Bf4 Rd8 18. Rac1 Bxd3 19. Rfd1 Bxc4 20. Bc6+ Kf8
21. Rxd8+ Bxd8 22. Rxc2 Bxa2 23. Bd6+ Be7 24. Bxc5 Bxc5 25. Rxc5 Ke7 26. Ra5 Rc8
27. Rxa7+ Kf6 28. Ra6 Bc4 29. Rb6 Ke5 30. b4 Rd8 31. Bf3 Rd2 32. Rc6 Rc2 33. Rc5+
Kd4 34. Kg2 Rc1 35. g4 Bf1+ 36. Kg3 Rxc5 37. bxc5 Kxc5 38. Kf4 Kd6 39. Be4 Ke6
40. g5 hxg5+ 41. Kxg5 Ke7 42. f4 Kf8 43. f5 Kg8 44. f6 1/2-1/2

[Event "Druzynowe Mistrzostwa Polski - II liga"]
[Site "Dom Wczasowy VIS Jastrzebia Gora"]
[Date "1899-12-30"]
[Round "7.34"]
[White "Bednarski, Dawid"]
[Black "Stelmaszuk, Maciej"]
[Result "1-0"]
[WhiteTitle "I+"]
[BlackTitle "I+"]
[WhiteElo "1989"]
[BlackElo "1992"]

1. e4 c6 2. d4 d5 3. Nc3 dxe4 4. Nxe4 Bf5 5. Ng3 Bg6 6. h4 h6 7. f4 e6 8. Nf3 Nf6
9. h5 Bh7 10. Bd3 Bxd3 11. Qxd3 c5 12. Be3 Qa5+ 13. Bd2 Qa6 14. c4 Nc6 15. Ne2
Rd8 16. Bc3 cxd4 17. Nexd4 Bc5 18. g3 O-O 19. O-O-O Qxa2 20. Kc2 Qa4+ 21. Kb1
Qa6 22. Qe2 Nxd4 23. Nxd4 Rc8 24. g4 Rfd8 25. Nb5 Qc6 26. Bxf6 gxf6 27. g5 hxg5
28. fxg5 fxg5 29. h6 Rxd1+ 30. Rxd1 Bf8 31. h7+ Kh8 32. b3 Qc5 33. Rd7 Qf5+ 34.
Ka2 a6 35. Nd4 Qa5+ 36. Kb1 Qc3 37. Ka2 Bg7 38. Qf2 Bxd4 39. Rxd4 Qa5+ 40. Kb2
Qe5 41. Ka2 f5 42. Qb2 Qg7 43. Qd2 Rf8 44. Rd7 Rc8 45. Rd4 Rf8 46. Rd7 Rf7 1-0